000 00638nas a2200217 4500
001 BR7600223
003 BR-BrBNA
005 20231205082857.0
007 ta
008 230509b bl.|||p| |||| 00| 00por d
040 _aBR-BrBNA
_bpor
_cBiblioteca Nacional de Agricultura
041 _a(Pt)
072 _aF40
100 1 _aVeiga, A. de A.
245 1 _aFatores limitantes para Pinus elliottii var. Elliottii
650 _aPINHEIRO
650 _aECOLOGIA FLORESTAL
773 0 _tBrasil Florestal (Brazil)
_xISSN 0045-270X
_g(Apr 1975), v. 6(22) p. 30-32
_wBR7600223
909 _a202311
_bLúcia
_c55
_dLúcia Elande
942 _2AGRIS
_n0
_cANA
999 _c94787
_d94787